البقرة / (Record no. 53244)

MARC details
000 -LEADER
fixed length control field 00552nam a22001937a 4500
005 - DATE AND TIME OF LATEST TRANSACTION
control field 20251108170951.0
008 - FIXED-LENGTH DATA ELEMENTS--GENERAL INFORMATION
fixed length control field 250721s9999 xx 000 0 ara d
082 14 - DEWEY DECIMAL CLASSIFICATION NUMBER
Classification number ط/599.73/أشر
100 1# - MAIN ENTRY--PERSONAL NAME
Personal name أشرف، وفاء
245 10 - TITLE STATEMENT
Title البقرة /
264 1# - PRODUCTION, PUBLICATION, DISTRIBUTION, MANUFACTURE, AND COPYRIGHT NOTICE
Place of production, publication, distribution, manufacture بيروت :
Name of producer, publisher, distributor, manufacturer دار الكتب الحديثة،
300 ## - PHYSICAL DESCRIPTION
Extent 16ص : مص
490 0# - SERIES STATEMENT
Series statement أريد أن أعرف ؛
Volume/sequential designation 9
650 17 - SUBJECT ADDED ENTRY--TOPICAL TERM
Topical term or geographic name as entry element الأبقار
650 17 - SUBJECT ADDED ENTRY--TOPICAL TERM
Topical term or geographic name as entry element الحيوانات
653 ## - INDEX TERM--UNCONTROLLED
Uncontrolled term اطفال مرحلة متوسطة (6-9)سنة
942 ## - ADDED ENTRY ELEMENTS (KOHA)
Source of classification or shelving scheme Dewey Decimal Classification
Koha item type Books
Holdings
حالة السحب حالة الفقدان مصدر التصنيف حالة التلف غير قابل للإعارة المكتبة الرئيسية المكتبة الحالية موقع الرف تاريخ التزويد الرقم المتسلسل Total Checkouts رقم الإستدعاء تاريخ آخر ظهور تاريخ الفاتورة نوع المادة (كوها) الباركود
    Dewey Decimal Classification     مكتبة البشائر للأطفال مكتبة البشائر للأطفال الإعارة 20/05/2015 [364159]   ط/599.73/أشر 28/07/2025 20/05/2015 Books PLD00325307
    Dewey Decimal Classification Unchecked   مكتبة أبو علندا العامة مكتبة أبو علندا العامة الأطفال 06/07/2004 378   ط/599.73/أشر 28/07/2025 06/07/2004 Books  
    Dewey Decimal Classification     مكتبة الاميرة بديعة مكتبة الاميرة بديعة الأطفال 27/06/2015 364167.   ط/599.73/أشر 28/07/2025 27/06/2015 Books PLD00334214
    Dewey Decimal Classification     مكتبة صويلح العامة مكتبة صويلح العامة الأطفال 21/07/2019 05149   ط/599.73/أشر 28/07/2025 21/07/2019 Books PLD00458295
Implemented & Customized by: BBB with SCIT (Smart Chains for Information Technology)

Powered by Koha